|
|
|
|
| LEADER |
01722ntm a2200445 i 4500 |
| 001 |
mzk03001232696 |
| 003 |
CZ BrMZK |
| 005 |
20260522131810.0 |
| 007 |
ta |
| 008 |
120330s1742 xr fr|||||00| ||latod |
| 040 |
|
|
|a BOA001
|b cze
|e rda
|
| 041 |
0 |
|
|a lat
|a ger
|
| 072 |
|
7 |
|a 34
|x Právo
|2 Konspekt
|9 16
|
| 072 |
|
7 |
|a 09
|x Rukopisy, prvotisky, staré tisky. Vzácná a pozoruhodná díla
|2 Konspekt
|9 12
|
| 080 |
|
|
|a 34
|2 MRF
|
| 080 |
|
|
|a 025.171
|2 MRF
|
| 100 |
1 |
|
|a Hakel, Johann Joachim
|4 aut
|
| 245 |
1 |
0 |
|a Extractus Compediosus Juris Moravici. /
|c Joann[i] Joachimi Hakel
|
| 264 |
|
0 |
|c [1742 ?]
|
| 300 |
|
|
|a 30 listů ;
|c 33,5x21,5 cm
|
| 336 |
|
|
|a text
|b txt
|2 rdacontent
|
| 337 |
|
|
|a bez média
|b n
|2 rdamedia
|
| 338 |
|
|
|a svazek
|b nc
|2 rdacarrier
|
| 340 |
|
|
|d rukopis.
|
| 510 |
4 |
|
|a Dokoupil, V. Soupis rukopisů rajhradské klášterní knihovny,
|c s. 70
|
| 544 |
|
|
|a Benediktinské opatství Rajhrad - Muzeum Brněnska, Památník písemnictví na Moravě - Sbírka rukopisů knihovny Benediktinského opatství v Rajhradě
|
| 546 |
|
|
|a Latinský a německý text ;
|b Psáno humanistickou kurzívou a německou novogotickou kurzívou
|
| 563 |
|
|
|a Volné listy převázané motouzem
|
| 590 |
|
|
|a Na konci patrně neúplné
|
| 650 |
|
7 |
|a právo
|7 ph115914
|2 czenas
|
| 650 |
0 |
7 |
|a historické knihovní fondy
|7 ph172933
|2 czenas
|
| 710 |
2 |
|
|a Klášter Rajhrad
|7 kn20050116001
|4 own
|
| 856 |
4 |
1 |
|u http://www.digitalniknihovna.cz/mzk/view/uuid:2134723d-e913-4b7b-a177-e8a7050af19b
|y Digitalizovaný dokument
|
| 903 |
|
|
|a RP
|
| 910 |
|
|
|e BOE950
|c R - R 169
|
| 985 |
|
|
|a 1701-1750
|
| 990 |
|
|
|a BK
|
| 996 |
|
|
|e BOE950
|c R - R 169
|
| 991 |
|
|
|k rajhrad
|
| 980 |
|
|
|c 201958
|g R - R 169
|1 328100201958
|p B/K.I.alep.6
|